[Event "FIDE Disabilities Olym"]
[Site "Belgrade"]
[Date "2023.02.03"]
[Round "?"]
[White "Sarkar, Justin"]
[Black "Alam, Khorshed"]
[Result "1-0"]
[WhiteElo "2345"]
[BlackElo "2065"]
[PlyCount "47"]
[EventDate "2023.01.30"]
[EventType "team-swiss"]
[EventRounds "6"]
[EventCountry "SRB"]
[SourceTitle "CBM 212 Extra"]
[Source "ChessBase"]
[SourceDate "2023.03.31"]
[SourceVersion "1"]
[SourceVersionDate "2023.03.31"]
[SourceQuality "1"]
[WhiteTeam "FIDE"]
[BlackTeam "Bangladesh"]
[BlackTeamCountry "BAN"]

1. d4 d5 2. c4 c6 3. Nf3 Nf6 4. Nbd2 Qa5 5. e3 Bg4 6. Qb3 Qc7 7. Ne5 Bf5 8. cxd5 cxd5 9. e4 Be6 10. Bb5+ Nc6 11. Qa4 dxe4 12. Nxc6 bxc6 13. Bxc6+ Bd7 14. Bxd7+ Qxd7 15. Qxd7+ Kxd7 16. 0-0 Kc6 17. Re1 Kd5 18. Nb1 Kxd4 19. Nc3 e6 20. Bf4 Bb4 21. Rac1 Bxc3 22. Rxc3 e3 23. f3 Ne4 24. Rd1+ 1-0

[Event "FIDE Disabilities Olym"]
[Site "Belgrade"]
[Date "2023.01.30"]
[Round "?"]
[White "Alam, Khorshed"]
[Black "Pavicevic, Jovan R"]
[Result "1/2-1/2"]
[WhiteElo "2065"]
[BlackElo "2214"]
[PlyCount "80"]
[EventDate "2023.01.30"]
[EventType "team-swiss"]
[EventRounds "6"]
[EventCountry "SRB"]
[SourceTitle "CBM 212 Extra"]
[Source "ChessBase"]
[SourceDate "2023.03.31"]
[SourceVersion "1"]
[SourceVersionDate "2023.03.31"]
[SourceQuality "1"]
[WhiteTeam "Bangladesh"]
[BlackTeam "Serbia"]
[WhiteTeamCountry "BAN"]
[BlackTeamCountry "SRB"]

1. d4 Nf6 2. Bf4 d5 3. Nf3 c5 4. e3 Nc6 5. c3 Qb6 6. Qb3 c4 7. Qxb6 axb6 8. Nbd2 Bf5 9. Nh4 Bg6 10. Nxg6 hxg6 11. e4 e6 12. g3 b5 13. Bg2 Ne7 14. 0-0 Kd7 15. b3 Nc8 16. a4 b4 17. bxc4 bxc3 18. Nb3 Nxe4 19. cxd5 exd5 20. f3 Nf6 21. Rfc1 Nb6 22. Rxc3 Nc4 23. Bf1 Bb4 24. Rc2 Nd6 25. Nc5+ Bxc5 26. dxc5 Nc4 27. Bxc4 dxc4 28. Rxc4 Nd5 29. Bd2 Rhe8 30. Kf2 Re6 31. Re1 Rae8 32. Rce4 Kc6 33. Re5 R8e7 34. Rxe6+ Rxe6 35. Rc1 f6 36. h4 Re5 37. Rc4 Ne7 38. Bb4 Nd5 39. Bd2 Ne7 40. Bb4 Kd5 1/2-1/2